[Event "Cairo Al Ain op"]
[Site "Cairo"]
[Date "2023.12.02"]
[Round "9"]
[White "Hafez, Magdy Mohamed"]
[Black "Ahmed, Salma"]
[Result "0-1"]
[WhiteElo "1755"]
[BlackElo "1568"]
[PlyCount "80"]
[EventDate "2023.11.27"]
[EventType "swiss"]
[EventRounds "10"]
[EventCountry "EGY"]
[SourceTitle "CB49_2023"]
[SourceDate "2023.12.06"]
[SourceVersion "1"]
[SourceVersionDate "2023.12.06"]
[SourceQuality "1"]

1. e4 c5 2. f4 Nc6 3. Nf3 g6 4. Nc3 Bg7 5. Bc4 e6 6. 0-0 Nge7 7. Qe1 0-0 8. d3 d5 9. Bb3 Nd4 10. Nxd4 Bxd4+ 11. Kh1 Bg7 12. Ne2 Bd7 13. c3 Bc6 14. Bc2 Qd7 15. Qh4 c4 16. Ng3 cxd3 17. Bxd3 dxe4 18. Bxe4 Bxe4 19. Nxe4 Qd3 20. Qe1 Nf5 21. Rf3 Qb5 22. b4 Rfd8 23. a4 Qc6 24. Bb2 a5 25. b5 Qc4 26. Nd2 Qd5 27. Ne4 Qb3 28. Ba3 b6 29. g4 Nh6 30. Be7 Rd7 31. Bf6 Nxg4 32. Bxg7 Kxg7 33. h3 Nh6 34. Ng3 Rad8 35. Qg1 Rd1 36. Rf1 Rxf1 37. Rxf1 Qxc3 38. Nh5+ Kh8 39. Qxb6 Qxh3+ 40. Kg1 Qg4+ 0-1